Εικονική πραγματικότητα με χρήση πανοραμικής εικόνας : παρουσίαση της πινακοθήκης της Ρόδου : μεταπτυχιακή εργασία
Αποθηκεύτηκε σε:
| Κύριος συγγραφέας: | |
|---|---|
| Συγγραφή απο Οργανισμό/Αρχή: | |
| Άλλοι συγγραφείς: | |
| Μορφή: | Thesis Βιβλίο |
| Γλώσσα: | Greek |
| Δημοσίευση: |
2009
|
| Θέματα: | |
| Διαθέσιμο Online: | http://hdl.handle.net/11610/16322 |
| Ετικέτες: |
Προσθήκη ετικέτας
Δεν υπάρχουν, Καταχωρήστε ετικέτα πρώτοι!
|
MARC
| LEADER | 00000cam a2200000 i 4500 | ||
|---|---|---|---|
| 001 | 1/9609 | ||
| 008 | 100720s2009 gre d | ||
| 035 | |l 10108707 | ||
| 040 | |a GR-MY-UA |b gre |e aacr | ||
| 041 | 0 | |a gre | |
| 082 | 0 | |a 371.33466 |2 (22) | |
| 100 | 1 | |a Καβουκλής, Γεώργιος. | |
| 245 | 1 | 0 | |a Εικονική πραγματικότητα με χρήση πανοραμικής εικόνας : |b παρουσίαση της πινακοθήκης της Ρόδου : μεταπτυχιακή εργασία / |c Καβουκλής Γεώργιος ; επιβλέπων: Τσολακίδης Κωνσταντίνος |
| 260 | |c 2009 | ||
| 300 | |a 170 σ.; |c 30 εκ. | ||
| 500 | |a Μέλη εξεταστικής επιτροπής: Βρατσάλης Κώστας, Καμπουροπούλου Μαίρη | ||
| 502 | |a Διατριβή (μεταπτυχιακή) – Πανεπιστήμιο Αιγαίου, Ρόδος, 2009. | ||
| 504 | |a Βιβλιογραφία: σ. 159-165 | ||
| 610 | 2 | 7 | |2 nlgaf |a Δημοτική Πινακοθήκη Ρόδου. |
| 650 | 0 | 0 | |a Interactive whiteboards. |
| 650 | 0 | 0 | |a Computer-assisted instruction |x Case studies. |
| 650 | 0 | |a Instructional systems. | |
| 650 | 0 | 0 | |a Teaching |x Aids and devices. |
| 650 | 0 | 0 | |a Dissertations, Academic |z Greece. |
| 700 | 1 | |a Τσολακίδης, Κωνσταντίνος. |4 ths | |
| 710 | 2 | |a Πανεπιστήμιο Αιγαίου |b Σχολή Ανθρωπιστικών Επιστημών |b Παιδαγωγικό Τμήμα Δημοτικής Εκπαίδευσης |b Πρόγραμμα Μεταπτυχιακών Σπουδών Επιστήμες της Αγωγής - Εκπαίδευση με τη Χρήση Νέων Τεχνολογιών. | |
| 852 | |a INST |b RHODES |c DIATR |e 20110406 |h 371.33466 ΚΑΒ |p 005400032746 |q 005400032746 |t MTXE |y 23 | ||
| 852 | |a INST |b RHODES |c DIATR |e 20110406 |h 371.33466 ΚΑΒ |p 005400032747 |q 005400032747 |t MTXE |y 23 | ||
| 856 | |u http://hdl.handle.net/11610/16322 | ||
| 901 | |a BIBL4-2010-2 | ||
| 909 | |a Ρ |b 159991 | ||
| 909 | |a Ρ |b 159992 | ||
| 924 | |a ΚΑΒΟΥΚΛΗΣ |b ΓΕΩΡΓΙΟΣ |y ΡΟΔΟΣ |z 2010-01 | ||
| 970 | |a ΚΟΖΑ |b ΜΑΡΙΑ |z 2010/07/20 | ||